The only financial planning book: (Record no. 162436)
[ view plain ]
| 000 -LEADER | |
|---|---|
| fixed length control field | 00572nam a2200181 4500 |
| 005 - DATE AND TIME OF LATEST TRANSACTION | |
| control field | 20190313141959.0 |
| 010 ## - LCCN (DPL NO) | |
| LC control number | ENG-124878 |
| 020 ## - INTERNATIONAL STANDARD BOOK NUMBER | |
| International Standard Book Number | 9789380200606 |
| Terms of availability | 499.00 |
| 035 ## - SYSTEM CONTROL NUMBER | |
| System control number | EN-108410 |
| 037 ## - SOURCE OF ACQUISITION | |
| Source of stock number/acquisition | DBAD/PUB |
| 082 ## - DEWEY DECIMAL CLASSIFICATION NUMBER | |
| Classification number | 332.024 |
| 100 ## - MAIN ENTRY--PERSONAL NAME | |
| Personal name | Pandit, Amar |
| 245 ## - TITLE STATEMENT | |
| Title | The only financial planning book: |
| Remainder of title | that you will ever need/ |
| Statement of responsibility, etc | Amar Pandit |
| 260 ## - PUBLICATION, DISTRIBUTION, ETC. (IMPRINT) | |
| Place of publication, distribution, etc | Mumbai |
| Name of publisher, distributor, etc | TV 18 Broadcast Ltd |
| Date of publication, distribution, etc | 2017 |
| 270 ## - ADDRESS | |
| Address | 414, 1st Floor Empire Mills Empire, Senapti Bapat Marg |
| City | Mumbai |
| Postal code | 400013 |
| 300 ## - PHYSICAL DESCRIPTION | |
| Extent | 324p. |
| Dimensions | 22cm(Hb) |
| 942 ## - ADDED ENTRY ELEMENTS (KOHA) | |
| Source of classification or shelving scheme | Dewey Decimal Classification |
| Item type | English Books |
| Classification part | 332.024 |
| Call number suffix | PAN |
| Withdrawn status | Lost status | Not for loan | Collection code | Home library | Current library | Date acquired | Source of acquisition | Cost, normal purchase price | Full call number | Barcode | Copy number | Cost, replacement price | Koha item type |
|---|---|---|---|---|---|---|---|---|---|---|---|---|---|
| Non-fiction | Bawana | Bawana | 13/03/2019 | DBAD/PUB | 499.00 | 332.024 PAN | EN-108410 | 1 | 499.00 | English Books | |||
| Bawana | Bawana | 04/03/2022 | 332.024 PAN | English Books | |||||||||
| Bawana | Bawana | 04/03/2022 | 332.024 PAN | English Books | |||||||||
| Bawana | Bawana | 04/03/2022 | 332.024 PAN | English Books |
